000 00562nmm a2200193Ia 4500
008 251105s9999||||xx |||||||||||||||||und||
041 _aspa
100 _aJiménez, Tony
245 0 _aCinco tumbas sin lápida
264 _a[Madrid, España] :
_bTyrannosaurus Books,
_c2014
300 _a396 páginas
650 _aThriller & Suspense
700 _aJiménez, Tony
700 1 _a Rodríguez González, Jose Miguel
700 1 _a Expósito, Daniel
700 1 _a Gras Cots, Marc
856 _uhttps://public.digitaliapublishing.com/a/88614
942 _cCF
999 _c67267
_d67267